Anatomy & Physiology : (Record no. 8251)

MARC details
000 -LEADER
fixed length control field 00912nam a2200205 4500
020 ## - INTERNATIONAL STANDARD BOOK NUMBER
ISBN 9781260571295; 1260571297
050 ## - CALL NUMBER
Classification number QP34.5
Item number .Sal4
100 ## - AUTHOR
Personal name Saladin, Kenneth S.
245 ## - TITLE
Title Anatomy & Physiology :
Remainder of title the unity of form and function /
Statement of responsibility, etc Kenneth S. Saladin ; digital authors, Christian A. Gan, Heather N. Cushman.
250 ## - EDITION
Edition statement Ninth edition
260 ## - PUBLICATION INFORMATION
Place of publication New York, NY :
Name of publisher McGraw-Hill Education,
Year of publication [2021] ©2021
300 ## - DESCRIPTION
Number of Pages 1 volume (various paging) :
Other physical details color illustrations ;
Dimensions 29 cm.
500 ## - NOTES
General note Includes index.<br/>
505 ## - FORMATTED CONTENTS NOTE
Table of Content Organization of the body --<br/>Support and movement --<br/>Internal coordination and control --<br/>Circulation and defense --<br/>Intake and output --<br/>Reproduction and the life cycle.
650 ## - SUBJECTS
Topical Term Human physiology -- Textbooks /
650 ## - SUBJECTS
Topical Term Human anatomy -- Textbooks /
General subdivision Anatomy /
700 ## - OTHER AUTHORS
Personal name Gan, Christina A.
710 ## - OTHER AUTHORS
OTHER AUTHORS Cushman, Heather N.
942 ## - ADDED ENTRY ELEMENTS (KOHA)
Koha item type Books
Holdings
Withdrawn status Lost status Collection code Home library Current library Shelving location Date acquired Source of acquisition Cost, normal purchase price Full call number Accession Number Koha item type
    Reference Methodist University Library Main Methodist University Library Main General Stacks 03/02/2022 Vidya Bookstore 420.00 QP34.5 .Sal4 8658 Books
      Methodist University Library Main Methodist University Library Main General Stacks 03/02/2022 Vidya Bookstore 420.00 QP34.5 .Sal4 8659 Books
Copyright © 2026  MUG Library